| 000 | 00351nam a22001577a 4500 | ||
|---|---|---|---|
| 003 | MACL | ||
| 005 | 20151118151846.0 | ||
| 008 | 151118b xxu||||| |||| 00| 0 eng d | ||
| 040 | _cMACL | ||
| 041 | _aEnglish | ||
| 082 | _a580 | ||
| 100 |
_aSingh,Ajay _917488 |
||
| 245 | _aHandbook of Flowering Plants | ||
| 650 |
_aBotany _96050 |
||
| 942 |
_2ddc _cBK |
||
| 999 |
_c50693 _d50693 |
||